Development Of ICT Teaching Skill Programme In Mathematics in Teacher Education (Record no. 26348)
[ view plain ]
| 000 -LEADER | |
|---|---|
| fixed length control field | 00504nam a22001337a 4500 |
| 082 ## - DEWEY DECIMAL CLASSIFICATION NUMBER | |
| Classification number | RB.0281 |
| 100 ## - MAIN ENTRY--AUTHOR NAME | |
| Personal name | Bhoga, Naik Tarsing |
| Affiliation | Government Collage of Education |
| Place | Ratnagiri |
| 245 ## - TITLE STATEMENT | |
| Title | Development Of ICT Teaching Skill Programme In Mathematics in Teacher Education |
| 260 ## - PUBLICATION, DISTRIBUTION, ETC. (IMPRINT) | |
| Place of publication | Ratnagiri |
| Year of publication | 2018 |
| 300 ## - PHYSICAL DESCRIPTION | |
| Number of Pages | xi,247p. |
| 536 ## - FUNDING INFORMATION NOTE | |
| Funding Agency | Indian Council For Social Science Research, New Delhi |
| 650 ## - SUBJECT ADDED ENTRY--TOPICAL TERM | |
| Topical Term | Information and Communication Technology |
| Form subdivision | Higher Education |
| -- | Educational Tool |
| 942 ## - ADDED ENTRY ELEMENTS (KOHA) | |
| Koha item type | Research Reports |
| Source of classification or shelving scheme | Dewey Decimal Classification |
| Withdrawn status | Lost status | Damaged status | Not for loan | Collection code | Home library | Current library | Source of acquisition | Cost, normal purchase price | Full call number | Accession Number | Koha item type |
|---|---|---|---|---|---|---|---|---|---|---|---|
| Not For Loan | ICSSR Research Project Reports | NASSDOC Library | NASSDOC Library | Gifted by: RP Division , ICSSR | 0.00 | RB.0281 | 51095 | Research Reports |
